<?xml version="1.0" encoding="UTF-8"?><marc:collection xmlns:marc="http://www.loc.gov/MARC21/slim">
  <marc:record>
    <marc:leader>00000nam##2200000za#4500</marc:leader>
    <marc:controlfield tag="001">9.566201</marc:controlfield>
    <marc:controlfield tag="003">CaOODSP</marc:controlfield>
    <marc:controlfield tag="005">20210624180157</marc:controlfield>
    <marc:controlfield tag="007">cr |||||||||||</marc:controlfield>
    <marc:controlfield tag="008">150406|2002||||xxc|||||o    f|0| 0 eng|d</marc:controlfield>
    <marc:datafield tag="040" ind1=" " ind2=" ">
      <marc:subfield code="a">CaOODSP</marc:subfield>
      <marc:subfield code="b">eng</marc:subfield>
    </marc:datafield>
    <marc:datafield tag="043" ind1=" " ind2=" ">
      <marc:subfield code="a">n-cn---</marc:subfield>
    </marc:datafield>
    <marc:datafield tag="086" ind1="1" ind2=" ">
      <marc:subfield code="a">TU3-5/02-30E-PDF</marc:subfield>
    </marc:datafield>
    <marc:datafield tag="110" ind1="2" ind2=" ">
      <marc:subfield code="a">Transportation Safety Board of Canada.</marc:subfield>
    </marc:datafield>
    <marc:datafield tag="245" ind1="1" ind2="0">
      <marc:subfield code="a">Aircraft stall on take-off - Regency Express Flight Operations Cessna 172N C-GRIL, Boundary Bay Airport, British Columbia, 01 July 2002 </marc:subfield>
      <marc:subfield code="h">[electronic resource]</marc:subfield>
    </marc:datafield>
    <marc:datafield tag="260" ind1=" " ind2=" ">
      <marc:subfield code="a">Gatineau - Quebec : </marc:subfield>
      <marc:subfield code="b">Transportation Safety Board of Canada </marc:subfield>
      <marc:subfield code="c">[2003].</marc:subfield>
    </marc:datafield>
    <marc:datafield tag="300" ind1=" " ind2=" ">
      <marc:subfield code="a">6p.</marc:subfield>
    </marc:datafield>
    <marc:datafield tag="490" ind1="1" ind2=" ">
      <marc:subfield code="a">Aviation investigation report </marc:subfield>
      <marc:subfield code="v">A02P0136</marc:subfield>
    </marc:datafield>
    <marc:datafield tag="590" ind1=" " ind2=" ">
      <marc:subfield code="a">10-05-Supp</marc:subfield>
      <marc:subfield code="b">2010-07-20</marc:subfield>
    </marc:datafield>
    <marc:datafield tag="690" ind1="0" ind2="7">
      <marc:subfield code="a">Aircraft accidents</marc:subfield>
      <marc:subfield code="2">gcpds</marc:subfield>
    </marc:datafield>
    <marc:datafield tag="775" ind1="0" ind2="8">
      <marc:subfield code="t">Décrochage au décollage du Cessna 172N C-GRIL exploité par Regency Express Flight Operations à l'aéroport de Boundary Bay (Colombie-Britannique), le 1er juillet 2002 </marc:subfield>
      <marc:subfield code="w">(CaOODSP)9.597672</marc:subfield>
    </marc:datafield>
    <marc:datafield tag="830" ind1="#" ind2="0">
      <marc:subfield code="a">Aviation investigation report ;</marc:subfield>
      <marc:subfield code="v">A02P0136</marc:subfield>
      <marc:subfield code="w">(CaOODSP)9.504825</marc:subfield>
    </marc:datafield>
    <marc:datafield tag="856" ind1="4" ind2="0">
      <marc:subfield code="a">http://publications.gc.ca</marc:subfield>
      <marc:subfield code="q">PDF</marc:subfield>
      <marc:subfield code="s">89 KB</marc:subfield>
      <marc:subfield code="u">https://publications.gc.ca/collections/collection_2009/bst-tsb/TU3-5-02-30E.pdf</marc:subfield>
      <marc:subfield code="y">A02P0136</marc:subfield>
    </marc:datafield>
  </marc:record>
</marc:collection>
